Provinces de Belgique. - Statistiques

Statistiques générales
  • Ce quiz a été pris 95 fois
  • Le résultat moyen est 8 sur 10
Statistiques - réponses
Hint Réponse % Correct

Province d'Anvers|Anvers
85%

Province de Flandre-Occidentale|Flandre
85%

Province du Brabant flamand|Brabant
83%

Province de Hainaut|Hainaut
81%

Province du Brabant wallon|Brabant
81%

Province de Luxembourg|Luxembourg
79%

Province de Flandre-Orientale|Flandre
77%

Province de Namur|Namur
77%

Province de Liège|Liège
73%

Province de Limbourg|Limbourg
73%
Aucun quiz correspondant
Distribution des résultats
% des personnes avec chaque résultat
Percentile par nombre de réponses
Votre historique - résultats
Vous n’avez pas pris ce quiz